| 000 | 00672nam a2200217 a 4500 | ||
|---|---|---|---|
| 001 | 12931 | ||
| 003 | BD-JhCC | ||
| 005 | 20230625083019.0 | ||
| 008 | 230605s2019 b |||| |||| 000 0 b d | ||
| 020 | _a9789849394112 | ||
| 035 | _a(BD-JhCC)12931 | ||
| 040 |
_aBD-JhCC _dBD-JhCC |
||
| 041 | _aben | ||
| 082 |
_a891.4435 _bSID 2019 |
||
| 100 | _aসিদ্দিক, আবুবকর | ||
| 245 |
_aদেশ ও দশের গল্প / _cআবুবকর সিদ্দিক |
||
| 260 |
_aঢাকা : _bঅনুভব, _c২০১৯ |
||
| 300 |
_a১১১ পৃ. : _c২০ সেমি. |
||
| 650 | _aCollection of short stories | ||
| 942 |
_2ddc _cBK |
||
| 999 |
_c12931 _d12931 |
||